Estatuto aduanero colombiano 2014 / (Registro nro. 4729)

Detalles MARC
000 -LEADER
fixed length control field 00922nam a2200253Ia 4500
003 - CONTROL NUMBER IDENTIFIER
control field OSt
005 - DATE AND TIME OF LATEST TRANSACTION
control field 20200805141858.0
008 - FIXED-LENGTH DATA ELEMENTS--GENERAL INFORMATION
fixed length control field 191128s2014 ck fr 001 0 spa d
020 ## - INTERNATIONAL STANDARD BOOK NUMBER
International Standard Book Number 9789587671452
040 ## - CATALOGING SOURCE
Original cataloging agency CO-JMCR
Transcribing agency CO-JMCR
041 0# - LANGUAGE CODE
Language code of text/sound track or separate title spa
082 04 - DEWEY DECIMAL CLASSIFICATION NUMBER
Classification number 343.056 /
Item number C718e
Edition number 23
110 1# - MAIN ENTRY--CORPORATE NAME
Corporate name or jurisdiction name as entry element Colombia
9 (RLIN) 8040
240 10 - UNIFORM TITLE
Uniform title Estatuto aduanero
245 10 - TITLE STATEMENT
Title Estatuto aduanero colombiano 2014 /
250 ## - EDITION STATEMENT
Edition statement Sexta edición
260 ## - PUBLICATION, DISTRIBUTION, ETC.
Place of publication, distribution, etc. Bogotá :
Name of publisher, distributor, etc. Legis,
Date of publication, distribution, etc. 2014
300 ## - PHYSICAL DESCRIPTION
Extent lv, 951 páginas ;
Dimensions 24 cm.
500 ## - GENERAL NOTE
General note Incluye índice alfabético informativo e índice cronológico normativo.
505 0# - FORMATTED CONTENTS NOTE
Formatted contents note Declarantes -- Zonas primarias aduaneras -- Inscripción, autorización o habilitación de auxiliares de la función aduanera, usuarios aduaneros permanentes y usuarios altamente exportadores
650 14 - SUBJECT ADDED ENTRY--TOPICAL TERM
Topical term or geographic name entry element Aduanas
General subdivision legislación
Geographic subdivision Colombia
9 (RLIN) 8452
650 14 - SUBJECT ADDED ENTRY--TOPICAL TERM
Topical term or geographic name entry element Derecho aduanero
9 (RLIN) 6678
942 ## - ADDED ENTRY ELEMENTS (KOHA)
Source of classification or shelving scheme Dewey Decimal Classification
Koha item type Books
Existencias
Withdrawn status Lost status Source of classification or shelving scheme Damaged status Not for loan Collection code Home library Current library Date acquired Source of acquisition Full call number Barcode Date last seen Copy number Koha item type
    Dewey Decimal Classification     Non-fiction Biblioteca Pública José María del Castillo y Rada Biblioteca Pública José María del Castillo y Rada 04/15/2018 Donación 343.056 / C718e 430000115 05/16/2024 Ej.1 Books